[Event "Florianopolis op 8th"]
[Site "Florianopolis"]
[Date "2022.01.28"]
[Round "7"]
[White "Da Silva, Joao Fernandes"]
[Black "Maia, Jonathan Cesar"]
[Result "0-1"]
[WhiteElo "1414"]
[BlackElo "1832"]
[PlyCount "76"]
[EventDate "2022.01.24"]
[EventType "swiss"]
[EventRounds "10"]
[EventCountry "BRA"]
[SourceTitle "EXT 2023"]
[Source "ChessBase"]
[SourceDate "2022.10.05"]
[SourceVersion "1"]
[SourceVersionDate "2022.10.05"]
[SourceQuality "1"]

1. e4 c6 2. d4 d5 3. e5 Bf5 4. c4 e6 5. Nf3 Nd7 6. Nc3 dxc4 7. Bxc4 Nb6 8. Bd3 Bxd3 9. Qxd3 Ne7 10. Ne4 Ned5 11. Bg5 Qc7 12. a3 h6 13. Bd2 Be7 14. 0-0 g5 15. h3 Nf4 16. Bxf4 gxf4 17. b4 Nd5 18. b5 cxb5 19. Qxb5+ Qd7 20. Qxd7+ Kxd7 21. Rab1 b6 22. Nf6+ Bxf6 23. exf6 Nxf6 24. Rbc1 Rhc8 25. Ne5+ Ke7 26. Rc6 Rxc6 27. Nxc6+ Ke8 28. Rc1 Rc8 29. Rc2 Nd5 30. Nb4 Rxc2 31. Nxc2 Kd7 32. g4 fxg3 33. fxg3 Kc6 34. Kf2 Kb5 35. h4 Kc4 36. h5 f5 37. Ne3+ Nxe3 38. Kxe3 b5 0-1

[Event "Florianopolis op 8th"]
[Site "Florianopolis"]
[Date "2022.01.25"]
[Round "3"]
[White "Maia, Jonathan Cesar"]
[Black "Zottis, Ernani"]
[Result "1-0"]
[WhiteElo "1832"]
[BlackElo "1456"]
[PlyCount "31"]
[EventDate "2022.01.24"]
[EventType "swiss"]
[EventRounds "10"]
[EventCountry "BRA"]
[SourceTitle "EXT 2023"]
[Source "ChessBase"]
[SourceDate "2022.10.05"]
[SourceVersion "1"]
[SourceVersionDate "2022.10.05"]
[SourceQuality "1"]

1. d4 d5 2. Bf4 e6 3. Nf3 Nf6 4. e3 Be7 5. Bd3 h6 6. Nbd2 0-0 7. Ne5 Nbd7 8. g4 Nh7 9. h4 Bxh4 10. Ndf3 Bg5 11. Bxh7+ Kxh7 12. Nxg5+ Kg8 13. Qd3 g6 14. Rxh6 Nxe5 15. Bxe5 f6 16. Qxg6# 1-0

[Event "Pan American-ch U2000"]
[Site "Timbo"]
[Date "2021.12.04"]
[Round "7"]
[White "Maia, Jonathan Cesar"]
[Black "Mobaier, Sergio"]
[Result "1/2-1/2"]
[WhiteElo "1818"]
[BlackElo "1804"]
[PlyCount "115"]
[EventDate "2021.12.01"]
[EventType "swiss"]
[EventRounds "9"]
[EventCountry "BRA"]
[SourceTitle "CBM 205 Extra"]
[Source "ChessBase"]
[SourceDate "2022.01.31"]
[SourceVersion "1"]
[SourceVersionDate "2022.01.31"]
[SourceQuality "1"]

1. d4 d5 2. c4 c6 3. cxd5 cxd5 4. Nc3 Nf6 5. Bf4 a6 6. Nf3 Nc6 7. e3 Bg4 8. Be2 e6 9. Qb3 Ra7 10. h3 Bh5 11. 0-0 Bd6 12. Bxd6 Qxd6 13. Rfc1 0-0 14. Na4 Ne4 15. Qd1 Raa8 16. Ne1 Bxe2 17. Qxe2 Rac8 18. Nc5 Nxc5 19. dxc5 Qe7 20. Rc3 Rfd8 21. Nf3 e5 22. Rd1 f6 23. a3 Qe6 24. b4 Ne7 25. Rc2 Qc6 26. Rcd2 a5 27. Rc1 axb4 28. axb4 Qa4 29. Rb2 Ra8 30. Qc2 Qb5 31. Qb3 Kf8 32. Nd2 Ra7 33. Nb1 Ra1 34. Kh2 Rda8 35. Nc3 Qd3 36. Rbb1 R8a3 37. Qb2 Rxb1 38. Qxa3 Rxc1 39. Qxc1 d4 40. exd4 exd4 41. Nd1 Nc6 42. Qa1 Qa6 43. Qb1 Qb5 44. Qxh7 Qxb4 45. Qh5 Ke7 46. f4 Qd2 47. Qf3 Qc2 48. Qg4 g6 49. Qc8 Qxc5 50. Qxb7+ Ke6 51. Qc8+ Kf7 52. Nf2 Qd6 53. Nd3 g5 54. g3 gxf4 55. gxf4 Ne7 56. Qg4 Qe6 57. Qh5+ Kf8 58. Qf3 1/2-1/2

[Event "Pan American-ch U2000"]
[Site "Timbo"]
[Date "2021.12.03"]
[Round "5"]
[White "Soares, Gustavo Henrique"]
[Black "Maia, Jonathan Cesar"]
[Result "1-0"]
[WhiteElo "1910"]
[BlackElo "1818"]
[PlyCount "62"]
[EventDate "2021.12.01"]
[EventType "swiss"]
[EventRounds "9"]
[EventCountry "BRA"]
[SourceTitle "CBM 205 Extra"]
[Source "ChessBase"]
[SourceDate "2022.01.31"]
[SourceVersion "1"]
[SourceVersionDate "2022.01.31"]
[SourceQuality "1"]

1. d4 d5 2. c4 dxc4 3. e3 e5 4. Bxc4 exd4 5. Nf3 Bb4+ 6. Bd2 Bxd2+ 7. Qxd2 Nf6 8. 0-0 0-0 9. exd4 Nbd7 10. Nc3 Nb6 11. Bb3 Bf5 12. Rfe1 a5 13. a3 c6 14. Qf4 Bg6 15. Re5 Nbd7 16. Re3 Nb6 17. Rae1 a4 18. Ba2 Nbd5 19. Nxd5 Nxd5 20. Bxd5 Qxd5 21. Re5 Qb3 22. Qd2 f6 23. R5e3 Qb5 24. Rc1 Bf7 25. Rc4 Qb6 26. Ne1 Rfd8 27. Qc3 Rd6 28. Rg3 Rad8 29. Nf3 Rd5 30. h4 Qb3 31. Qa5 h6 1-0

[Event "Santa Catarina-ch 64th "]
[Site "Lages"]
[Date "2020.02.15"]
[Round "4"]
[White "Maia, Jonathan Cesar"]
[Black "Goncalves, Yuri Nikollas"]
[Result "1-0"]
[WhiteElo "1827"]
[BlackElo "1374"]
[PlyCount "33"]
[EventDate "2020.02.14"]
[EventType "swiss"]
[EventRounds "6"]
[EventCountry "BRA"]
[SourceTitle "CBM 195 Extra"]
[Source "ChessBase"]
[SourceDate "2020.05.31"]
[SourceVersion "1"]
[SourceVersionDate "2020.05.31"]
[SourceQuality "1"]

1. d4 Nf6 2. Bg5 e6 3. Nf3 d6 4. c4 Nbd7 5. Nc3 Be7 6. e4 0-0 7. Be2 c6 8. 0-0 e5 9. d5 cxd5 10. cxd5 Nxd5 11. Bxe7 Nxc3 12. Bxd8 Nxd1 13. Rfxd1 Rxd8 14. Rxd6 f6 15. Rad1 a6 16. Nxe5 fxe5 17. Bg4 1-0

[Event "Santa Catarina-ch 64th "]
[Site "Lages"]
[Date "2020.02.15"]
[Round "3"]
[White "Stroher, Victor Augusto"]
[Black "Maia, Jonathan Cesar"]
[Result "1-0"]
[WhiteElo "1511"]
[BlackElo "1827"]
[PlyCount "105"]
[EventDate "2020.02.14"]
[EventType "swiss"]
[EventRounds "6"]
[EventCountry "BRA"]
[SourceTitle "CBM 195 Extra"]
[Source "ChessBase"]
[SourceDate "2020.05.31"]
[SourceVersion "1"]
[SourceVersionDate "2020.05.31"]
[SourceQuality "1"]

1. e4 c6 2. d4 d5 3. Nc3 Nf6 4. Bd3 dxe4 5. Bxe4 Nxe4 6. Nxe4 Bf5 7. Ng3 Bg6 8. h4 h6 9. Nf3 Nd7 10. Bf4 Nf6 11. Qd2 Nd5 12. Ne5 Bh7 13. 0-0-0 Nxf4 14. Qxf4 f6 15. Nd3 Qd6 16. Rhe1 0-0-0 17. Qg4+ Qd7 18. Qxd7+ Rxd7 19. Nc5 Rd8 20. Ne6 Re8 21. Nh5 Kd7 22. Nhxg7 Bxg7 23. Nxg7 Reg8 24. Ne6 Rxg2 25. Nc5+ Ke8 26. Re2 b6 27. Nd3 Bf5 28. Rde1 Rh7 29. Nf4 Rg4 30. Nh5 Kd8 31. Ng3 Bd7 32. Re4 Rxe4 33. Rxe4 Rg7 34. Kd2 Rg4 35. Rxg4 Bxg4 36. Ke3 Ke8 37. Kf4 Be6 38. a3 Kf7 39. Nf5 Bxf5 40. Kxf5 h5 41. c4 e6+ 42. Ke4 Ke7 43. b4 Kd6 44. c5+ bxc5 45. dxc5+ Kc7 46. a4 a5 47. b5 cxb5 48. axb5 e5 49. Kd5 Kc8 50. Kc6 a4 51. b6 a3 52. b7+ Kb8 53. Kb6 1-0

[Event "Florianopolis op 6th"]
[Site "Florianopolis"]
[Date "2020.01.20"]
[Round "1"]
[White "De Carvalho, Christopher"]
[Black "Maia, Jonathan Cesar"]
[Result "1-0"]
[WhiteElo "2100"]
[BlackElo "1834"]
[PlyCount "109"]
[EventDate "2020.01.20"]
[EventType "swiss"]
[EventRounds "10"]
[EventCountry "BRA"]
[SourceTitle "CBM 194 Extra"]
[Source "ChessBase"]
[SourceDate "2020.03.31"]
[SourceVersion "1"]
[SourceVersionDate "2020.03.31"]
[SourceQuality "1"]

1. d4 d5 2. c4 c6 3. Nf3 Nf6 4. e3 g6 5. b3 Bg7 6. Bb2 0-0 7. Nbd2 b6 8. Bd3 Nbd7 9. e4 dxe4 10. Nxe4 Nxe4 11. Bxe4 Qc7 12. Qe2 Nf6 13. Bc2 c5 14. d5 e6 15. Be5 Qb7 16. d6 Bd7 17. 0-0 Bc6 18. Rfe1 Bxf3 19. gxf3 Rad8 20. Rad1 Nd7 21. f4 Nb8 22. Be4 Qd7 23. Qb2 f6 24. Bc3 f5 25. Bd5 exd5 26. Re7 Bxc3 27. Qxc3 d4 28. Qh3 Rf7 29. Rxd7 Nxd7 30. b4 cxb4 31. Rxd4 Nc5 32. Qe3 Rfd7 33. Qe5 Nb7 34. Qb5 Rxd6 35. Rxd6 Nxd6 36. Qxb4 Kf7 37. Qa4 Nc8 38. Qc6 Rf8 39. Kg2 Kg7 40. Qc7+ Kh6 41. a4 Rg8 42. Qf7 Rd8 43. h4 Rh8 44. Qf6 Rg8 45. h5 Re8 46. Kg3 Rg8 47. Kh4 Re8 48. Qg5+ Kg7 49. h6+ Kf7 50. Qg3 Re6 51. Qc3 Re7 52. Qh8 Nd6 53. Qxh7+ Kf8 54. Qh8+ Kf7 55. h7 1-0

[Event "Santa Catarina State-ch 63rd"]
[Site "Timbo"]
[Date "2019.06.09"]
[Round "5"]
[White "Maia, Jonathan Cesar"]
[Black "Andrade, Moacir Belarmino F"]
[Result "1-0"]
[WhiteElo "1866"]
[BlackElo "1466"]
[PlyCount "31"]
[EventDate "2019.06.07"]
[EventType "swiss"]
[EventRounds "6"]
[EventCountry "BRA"]
[SourceTitle "EXT 2020"]
[Source "ChessBase"]
[SourceDate "2019.10.17"]
[SourceVersion "1"]
[SourceVersionDate "2019.10.17"]
[SourceQuality "1"]

1. d4 d5 2. c4 c6 3. cxd5 cxd5 4. Nc3 Nf6 5. Nf3 e6 6. Bf4 Nc6 7. e3 a6 8. Bd3 Be7 9. 0-0 Nh5 10. Be5 Nxe5 11. Nxe5 g6 12. Rc1 0-0 13. f4 Bd7 14. g4 Ng7 15. g5 Be8 16. Ng4 1-0

[Event "Penha IRT U2050 1st"]
[Site "Penha"]
[Date "2017.09.22"]
[Round "1.6"]
[White "Moraes, Maurino Anastacio"]
[Black "Maia, Jonathan Cesar"]
[Result "0-1"]
[WhiteElo "1583"]
[BlackElo "1879"]
[PlyCount "66"]
[EventDate "2017.09.22"]
[EventType "swiss"]
[EventRounds "7"]
[EventCountry "BRA"]
[SourceTitle "EXT 2022"]
[Source "ChessBase"]
[SourceDate "2021.10.06"]
[SourceVersion "1"]
[SourceVersionDate "2021.10.06"]
[SourceQuality "1"]

1. e4 c6 2. d4 d5 3. e5 Bf5 4. Bd3 Bxd3 5. Qxd3 e6 6. f4 Nh6 7. Nf3 c5 8. 0-0 Nc6 9. c3 Qb6 10. Nbd2 Rc8 11. h3 cxd4 12. Nxd4 Bc5 13. N2f3 Nf5 14. Be3 Nxe3 15. Qxe3 0-0 16. Kh1 Rc7 17. Rab1 Rfc8 18. Qd3 Nxd4 19. Nxd4 Bxd4 20. cxd4 g6 21. g4 Rc2 22. f5 Qb4 23. fxe6 fxe6 24. Qf3 Rf8 25. Qe3 Rxf1+ 26. Rxf1 Rxb2 27. Qf3 Qe7 28. Qc3 Rxa2 29. Qc8+ Kg7 30. Rc1 Qa3 31. Rc7+ Kh6 32. Rc3 Qb4 33. Rf3 Qe1+ 0-1

[Event "Sao Bento do Sul op 08"]
[Site "Sao Bento do Sul"]
[Date "2017.08.19"]
[Round "3"]
[White "Maia, Jonathan Cesar"]
[Black "Wiltner, Matheus H Andrukiu"]
[Result "0-1"]
[WhiteElo "1933"]
[BlackElo "1570"]
[PlyCount "140"]
[EventDate "2017.08.18"]
[EventType "swiss"]
[EventRounds "6"]
[EventCountry "BRA"]
[SourceTitle "EXT 2019"]
[Source "ChessBase"]
[SourceDate "2018.10.10"]
[SourceVersion "1"]
[SourceVersionDate "2018.10.10"]
[SourceQuality "1"]

1. d4 Nf6 2. Bg5 e6 3. e4 Be7 4. e5 Nd5 5. Bxe7 Nxe7 6. Bd3 d5 7. exd6 cxd6 8. c3 Bd7 9. Nf3 Bc6 10. Nbd2 Nd7 11. 0-0 0-0 12. Re1 Nd5 13. c4 Nf4 14. Bf1 d5 15. g3 Ng6 16. c5 b6 17. b4 bxc5 18. dxc5 Qb8 19. Nd4 Qxb4 20. Nxc6 Qxc5 21. Rc1 Qb6 22. Qb3 Rfc8 23. Qb5 Nf6 24. Rc2 Ng4 25. Qxb6 axb6 26. Rec1 Kf8 27. h3 Nh6 28. Ne5 Rxc2 29. Nxg6+ hxg6 30. Rxc2 Nf5 31. Rb2 Nd4 32. Kg2 Ke7 33. Nf3 Nf5 34. Ne5 Nd6 35. Bd3 Nc8 36. Rc2 Kf6 37. f4 g5 38. Ng4+ Ke7 39. fxg5 Nd6 40. Ne5 f6 41. Ng6+ Kd7 42. gxf6 gxf6 43. Nf4 Ra3 44. Rd2 Ra5 45. Bb1 Nc4 46. Re2 e5 47. Nd3 Kd6 48. Nb2 b5 49. h4 Ra8 50. g4 d4 51. Nxc4+ bxc4 52. Be4 Rg8 53. Kf3 Kc5 54. Rg2 Rh8 55. Kg3 d3 56. h5 Kd4 57. Bf5 e4 58. Kf4 e3 59. Kf3 c3 60. g5 c2 61. Rxc2 dxc2 62. Bxc2 fxg5 63. Bg6 Rf8+ 64. Ke2 Rf2+ 65. Ke1 Rxa2 66. h6 Rh2 67. h7 g4 68. Kf1 e2+ 69. Ke1 Ke5 70. h8Q+ Rxh8 0-1

[Event "Florianopolis Winter Amateur op"]
[Site "Florianopolis"]
[Date "2017.08.12"]
[Round "5"]
[White "Maia, Jonathan Cesar"]
[Black "Bail, Ellen Larissa"]
[Result "1-0"]
[WhiteElo "1933"]
[BlackElo "1676"]
[PlyCount "95"]
[EventDate "2017.08.11"]
[EventType "swiss"]
[EventRounds "7"]
[EventCountry "BRA"]
[SourceTitle "CBM 180 Extra"]
[Source "ChessBase"]
[SourceDate "2017.10.06"]
[SourceVersion "1"]
[SourceVersionDate "2017.10.06"]
[SourceQuality "1"]

1. d4 Nf6 2. Bg5 e6 3. Nf3 d5 4. e3 Be7 5. Bd3 0-0 6. 0-0 Nbd7 7. c4 dxc4 8. Bxc4 b6 9. Nc3 Bb7 10. Rc1 Ne4 11. Nxe4 Bxe4 12. Bxe7 Qxe7 13. Bd3 Bxd3 14. Qxd3 c5 15. Rc3 e5 16. Qe4 Rfe8 17. Rfc1 exd4 18. Qxe7 Rxe7 19. exd4 Re4 20. dxc5 Nxc5 21. a3 Rae8 22. b4 Ne6 23. Kf1 Kf8 24. Rc8 h6 25. Rxe8+ Kxe8 26. Rc8+ Ke7 27. Ra8 a5 28. bxa5 Ra4 29. Ra7+ Kd6 30. axb6 Rxa7 31. bxa7 Nc7 32. Ke2 Kc6 33. Ne5+ Kb7 34. a8Q+ Nxa8 35. Nxf7 Nb6 36. Kd3 Nd5 37. g3 Nf6 38. Ne5 g5 39. h3 h5 40. g4 Kb6 41. Kd4 Kb5 42. f3 Ka4 43. Nf7 hxg4 44. hxg4 Nh7 45. Ke5 Kxa3 46. Kf5 Kb4 47. Nxg5 Nf8 48. Ne6 1-0

[Event "Florianopolis Winter Amateur op"]
[Site "Florianopolis"]
[Date "2017.08.12"]
[Round "4"]
[White "Maia, Jonathan Cesar"]
[Black "Doge, Gustavo Postein"]
[Result "0-1"]
[WhiteElo "1933"]
[BlackElo "1675"]
[PlyCount "94"]
[EventDate "2017.08.11"]
[EventType "swiss"]
[EventRounds "7"]
[EventCountry "BRA"]
[SourceTitle "CBM 180 Extra"]
[Source "ChessBase"]
[SourceDate "2017.10.06"]
[SourceVersion "1"]
[SourceVersionDate "2017.10.06"]
[SourceQuality "1"]

1. d4 Nf6 2. Nf3 e6 3. Bf4 b6 4. e3 Bb7 5. Nbd2 Be7 6. Bd3 d5 7. Ne5 Nbd7 8. 0-0 c5 9. c3 c4 10. Bc2 b5 11. b3 Nb6 12. bxc4 bxc4 13. Qf3 Qc8 14. Rfb1 0-0 15. Qh3 g6 16. Ndf3 Nh5 17. Bh6 Re8 18. Qg4 Nf6 19. Qf4 Qd8 20. g4 Bf8 21. Nxf7 Kxf7 22. Bxf8 Rxf8 23. g5 Kg7 24. gxf6+ Rxf6 25. Qg3 Qe7 26. Rb4 Raf8 27. Bd1 Nc8 28. Rab1 Nd6 29. Qe5 Bc8 30. Nd2 Kg8 31. Qg5 Qf7 32. f4 Nf5 33. Kf2 h6 34. Qg4 e5 35. Qg2 exf4 36. e4 Nh4 37. Qh1 Qe6 38. e5 R6f7 39. Nf3 Qh3 40. Qf1 Qxf1+ 41. Kxf1 Nf5 42. Kf2 g5 43. Bc2 g4 44. Ne1 g3+ 45. hxg3 fxg3+ 46. Kg1 Ne3 47. Ng2 Rf1+ 0-1

[Event "Florianopolis Winter Amateur op"]
[Site "Florianopolis"]
[Date "2017.08.11"]
[Round "2"]
[White "Maia, Jonathan Cesar"]
[Black "Dias, Joao Batista de Sou"]
[Result "0-1"]
[WhiteElo "1933"]
[BlackElo "1770"]
[PlyCount "66"]
[EventDate "2017.08.11"]
[EventType "swiss"]
[EventRounds "7"]
[EventCountry "BRA"]
[SourceTitle "CBM 180 Extra"]
[Source "ChessBase"]
[SourceDate "2017.10.06"]
[SourceVersion "1"]
[SourceVersionDate "2017.10.06"]
[SourceQuality "1"]

1. d4 d5 2. Bf4 e6 3. Nf3 Bd6 4. Bg3 Nf6 5. e3 0-0 6. Bd3 Nc6 7. c3 Re8 8. Nbd2 e5 9. Nxe5 Nxe5 10. dxe5 Bxe5 11. Nf3 Bg4 12. Bxe5 Rxe5 13. Qb3 Bxf3 14. gxf3 b6 15. 0-0-0 Qe7 16. Rhg1 c5 17. Qa4 c4 18. Be2 Qc5 19. Rd4 b5 20. Qa5 g6 21. f4 Re6 22. Rgd1 Re4 23. Bf3 Rxd4 24. Rxd4 Re8 25. a4 Rb8 26. Kc2 Qc6 27. Qxa7 Qe8 28. a5 b4 29. Kc1 bxc3 30. bxc3 Qb5 31. Kd1 Qb1+ 32. Ke2 Rb2+ 33. Rd2 Qd3+ 0-1

[Event "Florianopolis op 3rd"]
[Site "Florianopolis"]
[Date "2017.01.25"]
[Round "8"]
[White "Benevenga, Antonio"]
[Black "Maia, Jonathan Cesar"]
[Result "0-1"]
[WhiteElo "1696"]
[BlackElo "1977"]
[PlyCount "44"]
[EventDate "2017.01.20"]
[EventType "swiss"]
[EventRounds "10"]
[EventCountry "BRA"]
[SourceTitle "EXT 2018"]
[Source "ChessBase"]
[SourceDate "2017.10.13"]
[SourceVersion "1"]
[SourceVersionDate "2017.10.13"]
[SourceQuality "1"]

1. b3 d5 2. e3 Nf6 3. Bb2 c5 4. d4 cxd4 5. Qxd4 Nc6 6. Bb5 Bd7 7. Bxc6 Bxc6 8. Nf3 a6 9. 0-0 e6 10. Nbd2 Be7 11. Ne5 Rc8 12. Nxc6 Rxc6 13. Rac1 0-0 14. Nf3 b5 15. Rfd1 Qc7 16. Ne1 Rc8 17. f3 Bc5 18. Qd3 Bb4 19. f4 Bxe1 20. Be5 Qa5 21. Rxe1 Rxc2 22. Rcd1 Qxa2 0-1

[Event "Blumenau Ann 100 op"]
[Site "Blumenau"]
[Date "2016.09.25"]
[Round "6"]
[White "De Borba, Gabriel"]
[Black "Maia, Jonathan Cesar"]
[Result "1-0"]
[WhiteElo "1973"]
[BlackElo "1941"]
[PlyCount "95"]
[EventDate "2016.09.23"]
[EventType "swiss"]
[EventRounds "6"]
[EventCountry "BRA"]
[SourceTitle "CBM 174 Extra"]
[Source "ChessBase"]
[SourceDate "2016.10.10"]
[SourceVersion "1"]
[SourceVersionDate "2016.10.10"]
[SourceQuality "1"]

1. e4 c6 2. Nc3 d5 3. Nf3 Bg4 4. h3 Bxf3 5. Qxf3 e6 6. d3 Nf6 7. Bd2 dxe4 8. dxe4 Nbd7 9. g4 Ne5 10. Qg3 Ng6 11. Bg2 Bd6 12. f4 Be7 13. 0-0-0 Qc7 14. h4 h5 15. g5 Nd7 16. Kb1 0-0-0 17. Be3 Ngf8 18. Bh3 g6 19. Qf2 b6 20. f5 Bc5 21. Bxc5 Nxc5 22. Rxd8+ Qxd8 23. fxg6 fxg6 24. Rd1 Qe7 25. Rf1 Ncd7 26. Qd4 Rh7 27. e5 Qc5 28. Qd6 Rh8 29. Ne4 Qd5 30. Qxd5 cxd5 31. Nd6+ Kb8 32. Rf7 Nxe5 33. Rb7+ Ka8 34. Re7 Kb8 35. Rb7+ Ka8 36. Rc7 a5 37. Rc8+ Ka7 38. Bxe6 b5 39. Bxd5 Ned7 40. Ne4 Rh7 41. Nf6 Re7 42. b3 Nxf6 43. gxf6 Re1+ 44. Kb2 Rd1 45. Ra8+ Kb6 46. Rxf8 Rxd5 47. Rb8+ Kc7 48. f7 1-0

[Event "Blumenau Ann 100 op"]
[Site "Blumenau"]
[Date "2016.09.23"]
[Round "1"]
[White "Pellis, Matheus"]
[Black "Maia, Jonathan Cesar"]
[Result "0-1"]
[WhiteElo "1459"]
[BlackElo "1941"]
[PlyCount "66"]
[EventDate "2016.09.23"]
[EventType "swiss"]
[EventRounds "6"]
[EventCountry "BRA"]
[SourceTitle "CBM 174 Extra"]
[Source "ChessBase"]
[SourceDate "2016.10.10"]
[SourceVersion "1"]
[SourceVersionDate "2016.10.10"]
[SourceQuality "1"]

1. e4 c6 2. d4 d5 3. e5 Bf5 4. Bd3 Bxd3 5. Qxd3 e6 6. Nc3 c5 7. Nf3 Nc6 8. 0-0 cxd4 9. Nxd4 Nxe5 10. Qe2 Nc6 11. Nb3 Nf6 12. Bg5 Be7 13. Rad1 0-0 14. Kh1 Re8 15. f4 g6 16. Nd2 Kg7 17. Nc4 Ng8 18. Bxe7 Qxe7 19. Nd2 Nf6 20. Rde1 Rac8 21. Nf3 a6 22. Ne5 b5 23. a3 h5 24. Rc1 Nd4 25. Qd2 Nf5 26. Qf2 Qc5 27. Qe2 Qe3 28. Qd1 Rc7 29. Rf3 Qc5 30. Nd3 Qa7 31. Rf2 Ne4 32. Rf1 Nxc3 33. bxc3 Ne3 0-1

[Event "Sao Bento do Sul U2050 2nd"]
[Site "Sao Bento do Sul"]
[Date "2016.09.18"]
[Round "7.4"]
[White "Reichert, Thiago da Cruz"]
[Black "Maia, Jonathan Cesar"]
[Result "1/2-1/2"]
[WhiteElo "1980"]
[BlackElo "1941"]
[PlyCount "67"]
[EventDate "2016.09.16"]
[EventType "swiss"]
[EventRounds "7"]
[EventCountry "BRA"]
[SourceTitle "EXT 2022"]
[Source "ChessBase"]
[SourceDate "2021.10.06"]
[SourceVersion "1"]
[SourceVersionDate "2021.10.06"]
[SourceQuality "1"]

1. d4 Nf6 2. c4 c5 3. Nf3 cxd4 4. Nxd4 g6 5. g3 Bg7 6. Bg2 0-0 7. 0-0 Nc6 8. Nc3 d6 9. Nxc6 bxc6 10. Qc2 Qc7 11. e4 Rb8 12. b3 Qa5 13. Bb2 Qh5 14. f3 Bh3 15. Ne2 Bxg2 16. Kxg2 Rfc8 17. Rad1 Qa5 18. Bc3 Qb6 19. e5 Ne8 20. exd6 exd6 21. Bxg7 Kxg7 22. Rd3 Qb7 23. Rfd1 Qe7 24. Qb2+ Qf6 25. Qxf6+ Kxf6 26. Nc3 Rd8 27. Re1 Rd7 28. Ne4+ Kg7 29. Nc5 Rdd8 30. Red1 Kf8 31. Ne4 Ke7 32. Re1 Kf8 33. Red1 Ke7 34. Re1 1/2-1/2

[Event "Sao Bento do Sul U2050 1st"]
[Site "Sao Bento do Sul"]
[Date "2016.05.21"]
[Round "3.7"]
[White "Maia, Jonathan Cesar"]
[Black "Silva, Janderson Rossi Da"]
[Result "1-0"]
[WhiteElo "1940"]
[BlackElo "1808"]
[PlyCount "113"]
[EventDate "2016.05.20"]
[EventType "swiss"]
[EventRounds "7"]
[EventCountry "BRA"]
[SourceTitle "EXT 2022"]
[Source "ChessBase"]
[SourceDate "2021.10.06"]
[SourceVersion "1"]
[SourceVersionDate "2021.10.06"]
[SourceQuality "1"]

1. d4 Nf6 2. Bg5 Ne4 3. Bf4 g5 4. Be5 f6 5. e3 h5 6. Be2 g4 7. Bf4 Bh6 8. Bxh6 Rxh6 9. f3 gxf3 10. Bxf3 f5 11. Bxh5+ Kf8 12. Nh3 e5 13. 0-0 d6 14. dxe5 Qh4 15. Nf4 dxe5 16. Qd5 Qf6 17. Bf3 exf4 18. Bxe4 Qh4 19. Qc5+ Qe7 20. Qxe7+ Kxe7 21. Bd3 fxe3 22. Nc3 Be6 23. Bxf5 Nc6 24. Rae1 Bxf5 25. Rxf5 Re6 26. Nd5+ Kd6 27. Nxe3 Rae8 28. Nc4+ Kd7 29. Rf7+ Kc8 30. Rxe6 Rxe6 31. Kf2 Nd4 32. Ne3 Rb6 33. b3 Rc6 34. Rf4 Nxc2 35. Rc4 Rf6+ 36. Ke2 Nxe3 37. Kxe3 Ra6 38. a4 Rh6 39. h4 Kd7 40. Kf3 Rd6 41. Rc3 a5 42. g4 Rd4 43. h5 c6 44. Re3 Kd6 45. h6 Rd1 46. Ke4 Rh1 47. g5 Ke6 48. Kf4+ Kf7 49. Rd3 Rf1+ 50. Kg4 Rg1+ 51. Rg3 Rd1 52. Rf3+ Kg8 53. Kh5 b5 54. Rc3 Rd5 55. Rxc6 bxa4 56. Kg6 Rd8 57. bxa4 1-0

[Event "Blumenau Taca Santa Catarina op"]
[Site "Blumenau"]
[Date "2015.11.08"]
[Round "6.7"]
[White "Carstens Dobuchak, Thiago"]
[Black "Maia, Jonathan Cesar"]
[Result "1-0"]
[WhiteElo "1989"]
[BlackElo "1923"]
[PlyCount "53"]
[EventDate "2015.11.06"]
[EventType "swiss"]
[EventRounds "6"]
[EventCountry "BRA"]
[SourceTitle "EXT 2022"]
[Source "ChessBase"]
[SourceDate "2021.10.06"]
[SourceVersion "1"]
[SourceVersionDate "2021.10.06"]
[SourceQuality "1"]

1. e4 c6 2. d4 d5 3. e5 Bf5 4. h4 Bd7 5. Nc3 e6 6. f4 c5 7. Nf3 Nc6 8. Ne2 cxd4 9. Nexd4 Rc8 10. c3 Nxd4 11. cxd4 Qb6 12. a4 Ne7 13. g4 h5 14. Bh3 hxg4 15. Bxg4 Nc6 16. 0-0 g6 17. Rf2 Be7 18. Rh2 Na5 19. Be3 Nb3 20. Ra2 Rc4 21. h5 gxh5 22. Bxh5 Rg8+ 23. Ng5 Bxg5 24. fxg5 Rxg5+ 25. Bxg5 Rxd4 26. Bxf7+ Kxf7 27. Qh5+ 1-0

[Event "Blumenau Taca Santa Catarina op"]
[Site "Blumenau"]
[Date "2015.11.08"]
[Round "5.2"]
[White "Perdomo, Leandro Daniel"]
[Black "Maia, Jonathan Cesar"]
[Result "1-0"]
[WhiteElo "2427"]
[BlackElo "1923"]
[PlyCount "49"]
[EventDate "2015.11.06"]
[EventType "swiss"]
[EventRounds "6"]
[EventCountry "BRA"]
[SourceTitle "EXT 2022"]
[Source "ChessBase"]
[SourceDate "2021.10.06"]
[SourceVersion "1"]
[SourceVersionDate "2021.10.06"]
[SourceQuality "1"]

1. d4 d5 2. c4 c6 3. Nf3 Nf6 4. e3 e6 5. Nc3 Nbd7 6. Qc2 Be7 7. Be2 dxc4 8. Bxc4 b5 9. Be2 Bb7 10. 0-0 0-0 11. Rd1 a6 12. a4 b4 13. Ne4 Nxe4 14. Qxe4 a5 15. b3 Nf6 16. Qc2 Rc8 17. Bb2 Qb6 18. Ne5 c5 19. Nc4 cxd4 20. Bxd4 Qc7 21. Qb2 Ne4 22. Rac1 Rfd8 23. Nb6 Rxd4 24. Nxc8 Rxd1+ 25. Bxd1 1-0

[Event "Florianopolis Santa Catarina zt"]
[Site "Florianopolis"]
[Date "2015.09.12"]
[Round "3"]
[White "Umetsubo, Cesar Hidemitsu"]
[Black "Maia, Jonathan Cesar"]
[Result "1-0"]
[WhiteElo "2308"]
[BlackElo "1928"]
[PlyCount "102"]
[EventDate "2015.09.11"]
[EventType "swiss"]
[EventRounds "6"]
[EventCountry "BRA"]
[SourceTitle "EXT 2016"]
[Source "ChessBase"]
[SourceDate "2015.10.08"]
[SourceVersion "1"]
[SourceVersionDate "2015.10.08"]
[SourceQuality "1"]

1. e4 c6 2. d4 d5 3. e5 Bf5 4. Nf3 e6 5. Be2 c5 6. 0-0 Nc6 7. c3 Rc8 8. Be3 Qb6 9. Qb3 c4 10. Qxb6 axb6 11. Nh4 Bc2 12. Rc1 Ba4 13. f4 Be7 14. Nf3 Nh6 15. Nbd2 Na5 16. Bf2 g6 17. Bh4 Nf5 18. Bxe7 Nxe7 19. g4 h5 20. h3 hxg4 21. hxg4 Kf8 22. Kg2 Kg7 23. Rh1 Rxh1 24. Rxh1 Rh8 25. Rb1 Bc2 26. Rc1 Ba4 27. Nf1 Bd7 28. Ne3 b5 29. Kg3 Nac6 30. a3 Na7 31. Rf1 Nac8 32. Nh4 g5 33. fxg5 Ng6 34. Nhg2 Nb6 35. Bd1 Na4 36. Bxa4 bxa4 37. Nd1 Ra8 38. Nf2 Ra6 39. Nh3 Rb6 40. Rf2 Kg8 41. Nhf4 Kg7 42. Nh5+ Kf8 43. Ngf4 Ke7 44. Nf6 Nxf4 45. Kxf4 Be8 46. Rh2 Bc6 47. g6 fxg6 48. Kg5 Be8 49. Rh7+ Bf7 50. Ng8+ Kf8 51. Nh6 Bg8 1-0